Gemeinden von Krems-Land - Statistiken

Allgemein
  • Dieses Quiz wurde 322 mal gespielt
  • Das Durchschnittsergebnis liegt bei 15 aus 30
Antworten auf der Karte
Die Antworten werden auf der Karte rot bzw. grün angezeigt, abhängig davon wie oft sie richtig erraten wurden.
 
Antwortstatistiken
Einwohner Gemeinde % Korrekt
1.564 Spitz
89%
7.469 Langenlois
84%
828 Dürnstein
81%
2.964 Furth bei Göttweig
76%
3.482 Mautern an der Donau
70%
3.767 Gföhl
64%
2.577 Paudorf
61%
1.400 Weißenkirchen in der Wachau
60%
1.966 Hadersdorf-Kammern
54%
1.005 Albrechtsberg an der Großen Krems
49%
2.125 Rohrendorf bei Krems
49%
643 Aggsbach
46%
1.926 Senftenberg
46%
2.058 Lichtenau im Waldviertel
44%
1.222 Jaidhof
43%
753 Krumau am Kamp
41%
919 Maria Laach am Jauerling
41%
1.601 Rastenfeld
41%
3.197 Grafenegg
40%
1.750 Straß im Straßertale
40%
1.244 Weinzierl am Walde
39%
1.422 Lengenfeld
37%
906 Stratzing
37%
1.872 Schönberg am Kamp
36%
2.131 Gedersdorf
34%
1.039 Droß
33%
1.273 Mühldorf
31%
1.090 St. Leonhard am Hornerwald
29%
1.299 Bergern im Dunkelsteinerwald
27%
1.067 Rossatz-Arnsdorf
27%
Keine übereinstimmenden Quizze gefunden
Verteilung der Resultate
Anzahl Personen mit jedem Resultat
Perzentil nach korrekt beantworteten Fragen
Ihre Resultats-Entwicklung
Sie haben dieses Quiz noch nicht gespielt